01304nam a2200349Ia 4500001001200000003000800012006001900020007001500039008004100054010001700095020002700112020003000139020002600169040002100195035002100216050002600237082002300263100002400286245006400310260004900374300001500423504005100438533015200489630004300641650003700684650001400721650003000735655002900765710001700794856012600811999001700937ebr10660231CaPaEBRm u cr cn|||||||||080825s2009 nyu sb 001 0deng d z 2008037249 z1606921991 (hardcover) z9781606921999 (hardcover) z9781607412182 (ebook) aCaPaEBRcCaPaEBR a(OCoLC)42596628414aBV4527b.C4185 2009eb04a248.8/430899512221 aChan, Zenobia C. Y.10aSilenced womenh[electronic resource] /cZenobia C.Y. Chan. aNew York :bNova Science Publishers,cc2009. avi, 167 p. aIncludes bibliographical references and index. aElectronic reproduction.bPalo Alto, Calif. :cebrary,d2013.nAvailable via World Wide Web.nAccess may be limited to ebrary affiliated libraries.00aBiblexCriticism, interpretation, etc. 0aChristian womenxReligious life. 0aTheology. 0aWomenxSocial conditions. 7aElectronic books.2local2 aebrary, Inc.40uhttp://site.ebrary.com/lib/rucke/Doc?id=10660231zAn electronic book accessible through the World Wide Web; click to view c67592d67592